| 000 | 01173nam a22003497a 4500 | ||
|---|---|---|---|
| 003 | CHAP | ||
| 005 | 20220817044209.0 | ||
| 008 | 080128d2005 es r 00110 spa d | ||
| 010 | _a94383 | ||
| 011 | _a95355 | ||
| 020 | _a8484762505 | ||
| 035 | _a105978 | ||
| 040 | _cCHAP | ||
| 082 | 0 | 4 |
_a630.946 _bE3 |
| 100 | 1 |
_aEgea Ibáñez, José. _935752 |
|
| 245 | 1 | 0 |
_aSistema agrario : _bproyecto evolutivo estable _c/por José Egea Ibáñez |
| 260 |
_aMadrid : _bMundi-Prensa, _c2005 |
||
| 300 |
_a296 p. : _bgráfs. ; cuadros ; mapas |
||
| 590 |
_aBATCH-UPD _b10 _c20130110 _lUCH01 _h0601 |
||
| 590 |
_aBATCH-UPD _b10 _c20130410 _lUCH01 _h0243 |
||
| 590 |
_aBATCH-UPD _b10 _c20130410 _lUCH01 _h1648 |
||
| 590 |
_aBATCH-UPD _b10 _c20130913 _lUCH01 _h2201 |
||
| 590 |
_aCONVERSION _b10 _c20130109 _lUCH01 _h1352 |
||
| 650 | 1 | 4 | _aAgricultura sustentable. |
| 650 | 1 | 4 |
_aAgricultura y Estado _zEspaña. _92073 |
| 650 | 1 | 4 |
_aAgricultura _xAspectos economicos _xEspana. _91241 |
| 650 | 1 | 4 |
_aAgricultura _zEspaña. _91923 |
| 650 | 1 | 4 | _aDesarrollo sustentable. |
| 901 | _aBK | ||
| 942 | _cLIBRO | ||
| 949 |
_a630.946 E3 _bBC _cLIBRO _d33724002047579 _eLIBRO _gI.c/e _h109038 _i105978 _sb _t$587.00 |
||
| 999 |
_c94383 _d94383 |
||